000 00977nam0a22003011 4500
001 v19\rc\1967602
005 20251118181042.5
035 _a(NLR Aleph) 005050101
090 _a6885508
_c6885508
100 _a20080428d1914 u y0rusy50 ca
101 0 _arus
102 _aRU
105 _ay z |||||
200 1 _aГеройский подвиг французского авиатора Роланда Гарро
_eГибель нем. "Цеппелина"
_fН. Быстров
210 _aМосква
_cтип. т./д. "Копылова и Дмитриева"
_d1914
215 _a16 с.
_d18
309 _aБез тит. л.
700 1 _aБыстров
_bН.
702 1 _aГарро
_bР.
_f1886-1914
_gРолан
_4570
801 0 _aRU
_bNLR
_gpsbo
801 0 _aRU
_bRuMoRGB
_2psbo
801 1 _aRU
_bProSoft-M
_2rusmarc
852 _aNLR
_j37.80.6.246
899 _aRuMoRGB
_jV 316/322
899 _aRuMoRGB
_jΔ 11/431
899 _aБАН
942 _cBOOK
980 _aNB